00920nam a2200229 a 450000100100000000500170001000800410002702000150006804000250008308200150010810000560012324000320017924500730021126000340028430000210031853400410033965000300038070000350041095201120044595201180055799900150067500000400120200929150647.0760528s1975 sp b 001 1 spa  a8402041868 aDO-SdBNPbspacBNPHU a840bB235d1 aBarbey d'Aurevilly, J.q(Jules),d1808-1889.91197914aLes diaboliques.lEspañol14aLas diabólicas /cBarbey d'Aurevilly; traductor, Julio C. Acerete. aBarcelona :bBruguera,c1975. a333 p. ;c18 cm. aTítulo original:tLes diaboliques. 4aLiteratura francesa910741 aAcerete, Julio C.,etr.911980 001050718MOaGRbGRcHDd2009-07-15iLF1l0o840 B235dp4001-10r2020-06-25w2020-06-25y1ZNo se presta 001050718MOaGRbGRcHDd2014-05-12iLF1l0o840 B235dp4001-20r2020-06-25te. 2w2020-06-25y1ZNo se presta c3820d3820